Libertarian Party Candidates for President and Vice President - Statistics

General Stats
  • This quiz has been taken 3 times
  • The average score is 11 of 28
Answer Stats
Election Candidate % Correct
2024 Chase Oliver
100%
2012 Gary Johnson
100%
2016 Gary Johnson
100%
2020 Jo Jorgensen
100%
1996 Jo Jorgensen
100%
1980 Ed Clark
67%
1972 John Hospers
67%
2024 Mike ter Maat
67%
1988 Ron Paul
67%
2020 Spike Cohen
67%
2000 Art Olivier
33%
2016 Bill Weld
33%
1980 David Koch
33%
1996 Harry Browne
33%
2000 Harry Browne
33%
2004 Michael Badnarik
33%
1972 Tonie Nathan
33%
1992 Andre Marrou
0%
1988 Andre Marrou
0%
2008 Bob Barr
0%
1984 David Bergland
0%
1976 David Bergland
0%
2012 Jim Gray
0%
1984 Jim Lewis
0%
1992 Nancy Lord
0%
2004 Richard Campagna
0%
1976 Roger MacBride
0%
2008 Wayne Root
0%
No matching quizzes found
Score Distribution
Percent of People with Each Score
Percentile by Number Answered
Your Score History
You have not taken this quiz